000 00337 a2200169 4500
001 189248
020 _a978-85-08-11035-3
040 _cMagnum
100 _aGewandsznajder, Fernando
240 1 0 _aBiologia
_lpor
245 1 0 _aBiologia
300 _a696
362 0 _a2011
440 1 _aÁtica
697 _aBIOLOGIA
942 _cBK
999 _c189248
_d189248